000 00334nam a2200157Ia 4500
003 OSt
005 20240203151218.0
008 170524s9999 xx 000 0 und d
020 _a9781599967516
040 _cIIMT
100 _aHiam . Alexander
245 0 _aCreativity
260 _bJaico Pub.
260 _c2003
942 _2ddc
_c02
999 _c6402
_d6402